[Event "Tata Steel-A 77th"]
[Site "Wijk aan Zee"]
[Date "2015.01.10"]
[Round "1"]
[White "Ding, Liren"]
[Black "Caruana, Fabiano"]
[Result "0-1"]
[WhiteElo "2732"]
[BlackElo "2820"]
[Annotator "Sagar Shah"]
[PlyCount "80"]
[EventDate "2015.01.10"]
[EventType "tourn"]
[EventRounds "13"]
[EventCountry "NED"]
[EventCategory "20"]
[SourceTitle "CBM 165"]
[Source "ChessBase"]
[SourceDate "2015.03.11"]
[SourceVersion "1"]
[SourceVersionDate "2015.03.11"]
[SourceQuality "1"]

1. d4 Nf6 2. c4 g6 3. g3 c6 {This solid way of playing the Grünfeld Defence
against the kingside fianchetto by White.} 4. Bg2 d5 {Black's structure is a
hybrid of the Slav and the Grünfeld. You could also call it the Schlechter
setup. The point to note is that in the Schlechter Variation of the Slav,
White does best to put his bishop on e2 or d3. On g2 it isn't so effective.} 5.
Nf3 Bg7 6. O-O O-O 7. b3 (7. Qb3 {Two months after this game in a match
between India and China, Ding Liren tried out this move against B Adhiban and
won the game.} Qb6 8. Nc3 Rd8 9. Na4 $5) (7. cxd5 cxd5 {is the main line of
the Symmetrical Variation. In this position White has two options which are
equally played:} 8. Nc3 (8. Ne5)) 7... dxc4 8. bxc4 c5 9. Bb2 Qb6 10. Qc1 (10.
Qb3 {was the main move in this position.} Ne4 {is currently Black's most
fashionable response.} 11. e3 Nc6 $13) 10... cxd4 11. Nxd4 {I have often
wondered, "What does White get for his isolated c-pawn in such positions?" It
seems as if in addition to a compact pawn structure, Black also has good
development and a great outpost for his knight on c5. However, things are not
so simple. First thing that must be noticed is the monstrous bishop on g2
bearing down the black queenside. Additionally the knight on d4 and c4 pawn
can team up to cause a lot of immediate worries for Black with a move like
c4-c5 and Nd4-b5. Not to forget that after a move like Nd2, White can make use
of the semi-open b-file. So, for the time being Black has to play very
carefully. If he can do that and weather the initial storm, he will have an
excellent game.} Nc6 {Caruana makes the most prudent move. He spoils his pawn
structure by letting White take on c6 but in return he diminishes the dynamism
of White's position. Ding had tried this same idea with 10.Qc1 just a few
months ago in his game with Gelfand and hence it is quite possible that
Fabiano came to the game well prepared.} (11... Na6 {with the idea to put the
knight on c5 looks interesting.} 12. Nd2 (12. Bc3 $5 Nc5 $6 (12... Ne4 13. Bxe4
Bxd4 14. Nd2 Bxc3 15. Qxc3 Nc5 $11) 13. Nd2 $14 {[%cal Ga1b1]}) 12... Rd8 (
12... Nc5 $6 13. Rb1 $1 Qa6 14. N2b3 $14) 13. N2b3 Nc5 14. Rd1 Ng4 15. e3 $14)
12. Nxc6 (12. e3 Rd8 13. Nd2 Ng4 14. c5 Qc7 15. N2b3 Nxd4 16. Nxd4 Bd7 $13 {
leads to a position with quite a complicated middlegame to look forward to.})
12... bxc6 13. Nd2 Bf5 (13... Bg4 14. Nb3 Bxe2 15. Re1 Bd3 16. c5 Qa6 17. Rxe7
Rae8 18. Re1 Bc4 19. Rxe8 Rxe8 20. Bxc6 Qxc6 21. Qxc4 Ne4 22. Na5 Qxc5 23. Qxc5
Nxc5 24. Bxg7 Kxg7 25. Rc1 Ne6 26. Nb3 Kf6 27. Kf1 Ke5 28. Nc5 Nxc5 29. Rxc5+
Kf6 30. Ra5 Re7 31. g4 g5 32. Ra6+ Kg7 33. Kg2 f6 34. Kg3 Rc7 35. a4 Kg6 36. a5
Rb7 37. f3 Rb3 38. h3 Ra3 39. Rxa7 h5 40. Kf2 Ra2+ 41. Ke3 Ra3+ 42. Ke4 Ra4+
43. Kd5 Ra3 44. a6 hxg4 45. fxg4 Rxh3 46. Rc7 Ra3 47. a7 f5 48. Rc6+ {1/2-1/2 
(48) Ding,L (2730)-Gelfand,B (2759) Moscow 2014}) 14. Nb3 Rac8 (14... Rfd8 {
was much more precise and would have avoided White's space gaining move that
occurred in the game.} 15. e4 $2 Bxe4 16. Bxf6 Bxg2 17. Bxg7 Bxf1 $17 {and
there is no rook to take on f8.}) 15. e4 $1 {Ding is alert to the tactical
possibilities and gains space in the centre.} Be6 (15... Nxe4 {The refutation
to this move is not at all difficult but a little unusual.} 16. Bxg7 Kxg7 17.
g4 $1 $16) (15... Bxe4 $2 16. Bxf6 $1 exf6 (16... Bxg2 17. Bxg7 Bxf1 18. Bxf8
$18) 17. Bxe4 f5 18. Bf3 Bxa1 19. Qxa1 $16) 16. e5 {This move made by the
Chinese player is natural and any human would have made it. However, it was
better to overprotect the b2-bishop with Rb1.} (16. Nd4 $2 {gets refuted due to
} Nxe4 $1 17. Bxe4 (17. Nxe6 Bxb2 18. Qc2 fxe6 19. Rab1 Rxf2 20. Rxf2 Nxf2 21.
Qxb2 (21. Rxb2 Nh3+ $1) 21... Qxb2 22. Rxb2 Nd3 $15) 17... Bxd4 $17) (16. Rb1
$1 {Defending b2 so that Nd4 becomes possible.} Rfd8 17. Ba3 $1 Qa6 18. Bxe7
Re8 19. Nc5 Qxc4 20. Rb7 Qxc1 21. Rxc1 Bxa2 22. Rxa7 $14) 16... Nd7 17. Re1 (
17. c5 Qa6 18. f4 {was a better choice than what happened in the game.}) 17...
c5 $1 {With this move Black fixes the weakness on c4. The initiative is in the
hands of the Caruana now. Watch how little by little he improves his position.}
18. Nd2 (18. f4 Qa6 {[%csl Rc4][%cal Gd7b6,Gb6c4,Ga6c4,Ge6c4]}) 18... Qa6 19.
Re3 Rb8 20. Ra3 Qb6 21. Rb3 Qc7 22. f4 Nb6 {There is nothing much to choose
between both the sides in this position. The thing which tilts the balance
slightly in Black's favour is the fact that it is easier for him to attack the
c4-pawn than it is for White to get to the c5-pawn.} 23. Rb1 Rbd8 24. Bc3 Qd7 (
24... Nxc4 $6 25. Nxc4 Bxc4 26. Rb7 Qc8 27. Ba5 $36) 25. Bf1 Bf5 {Caruana is
an expert in slowly improving his position. If youlook, over the last few
moves Black has been slowly getting his pieces to better squares while White
hasn't done anything substantial.} 26. Ra1 f6 $1 {A well timed break
activating the g7 bishop and nullifying White's space advantage.} 27. exf6 exf6
$15 {[%csl Ra1,Rb3][%cal Gf8e8,Ge8e1,Gd8d1] The two key open files will be
dominated by the black pieces. White's major pieces are stuck in the corner
doing nothing.} 28. Rb5 Na4 {The strong bishop on c3 is lost and that would
render the one on g7 very powerful.} 29. Nb3 Nxc3 30. Qxc3 Be4 $1 {An
excellent move! The tactical point after Nxc5 is very nice.} 31. f5 $6 (31.
Nxc5 Qc6 $1 (31... f5 $6 32. Nxd7 Bxc3 33. Rd1 $13 (33. Nxf8 Bd4# {would be a
very pretty mate.})) 32. Nxe4 (32. f5 a6 $1 $17 33. Nxe4 axb5) 32... f5 $17)
31... Qxf5 {White has given up the pawn for almost nothing. In fact it has
activated his opponent's queen.} 32. Re1 Rfe8 33. Rxc5 (33. Nxc5 Bc6 34. Rxe8+
Rxe8 35. Ra5 Bh6 $19) 33... Qd7 {Once the dark squared bishop is activated
with f6-f5, it will be curtains for White.} 34. Qc1 f5 35. Qf4 Re7 $1 {Such
moves which prevent the opponent's ideas and put the ball back into his court
are surprisingly strong. White is once again pressed to find an idea in the
position.} (35... Bd4+ 36. Nxd4 Qxd4+ 37. Qf2 $15) 36. h4 a5 $1 {A strong move
which aims to dislodge the knight from b3 and gain access to the all important
d4-square.} 37. Rxa5 Bc3 $19 {[%cal Gc3e1,Gc3a5]} 38. Rd5 Qa7+ (38... Bxd5 39.
Rxe7 Qxe7 40. cxd5 Qe1 {is also winning but not as clearly as in the game.})
39. Kh2 Rxd5 40. cxd5 Bxe1 {Black wins a rook and Ding gives up. A very nice
and smooth win for Caruana. But it is extremely difficult is to emulate
Fabiano's middlegame play where little by little he improved his position to
such an extent that it became unbearable for the Chinese player.} 0-1

[Event "ISR-chT"]
[Site "Israel"]
[Date "1999.04.09"]
[Round "7"]
[White "Shvidler, Eliahu"]
[Black "Smirin, Ilia"]
[Result "0-1"]
[WhiteElo "2455"]
[BlackElo "2652"]
[Annotator "Smirin,I"]
[PlyCount "96"]
[EventDate "1999.01.??"]
[EventType "team"]
[EventRounds "11"]
[EventCountry "ISR"]
[SourceTitle "CBM 070"]
[Source "ChessBase"]
[SourceDate "1999.06.08"]
[SourceVersion "1"]
[SourceVersionDate "1999.06.08"]
[SourceQuality "1"]

1. d4 {Tyomkin,D} Nf6 2. Nf3 g6 3. g3 Bg7 4. Bg2 O-O 5. O-O d6 6. Nc3 d5 7. Re1
{In this variation black easily gets equality by exact play.} Ne4 $5 (7... Bf5
8. Nh4 Be6 (8... Bg4 $6 9. Bg5 c6 10. Qd2 Nbd7 11. f3 Be6 12. e4 c5 13. exd5
cxd4 14. dxe6 dxc3 15. bxc3 Qb6+ 16. Kh1 fxe6 17. Rab1 $16 {1/2-1/2 Ivanchuk,
V-Topalov,V/Monte Carlo 1997/EXP 57 (55)}) 9. e4 Nxe4 10. Nxe4 dxe4 11. Bxe4 c6
12. c3 Bd5 {1/2-1/2 Tkachiev,V-Sutovskij,E/It, Villa Martelli ARG 1997 (12)}) (
7... c6 8. e4 Bg4 $5 (8... dxe4 9. Nxe4 Nxe4 10. Rxe4 Re8 11. c3 Be6 $2 12.
Rxe6 $1 fxe6 13. Qb3 $16 h6 14. Ne5 Bxe5 15. Qxe6+ Kh7 16. Qf7+ Kh8 (16... Bg7
17. Be4 $18) 17. Qxg6 e6 18. Be4 Qe7 19. dxe5 Nd7 20. Bxh6 Nf8 21. Qh5 Kg8 22.
Qg4+ {1-0 Popov,V-Tirard,H/St.Petersburg-Paris 1996 (22)}) 9. e5 Nfd7 10. h3
Bxf3 11. Bxf3 e6 12. Ne2 c5 13. c3 Nc6 14. Be3 Nb6 15. b3 a5 16. h4 a4 $132 {
1-0 Tkachiev,V-Kalantarian,N/Cannes 1995 (40)}) (7... Nbd7 8. e4 dxe4 9. Nxe4
Nxe4 10. Rxe4 Nf6 11. Re1 Bf5 12. c3 c6 13. Qb3 $14 {1/2-1/2 Kazhgaleyev,
M-Iskusnyh,S/Orel2 ,EXT 1994 (42)}) (7... Bg4 $6 8. Ne5 Be6 9. e4 c6 10. exd5
cxd5 11. Bf4 Nbd7 12. Qd2 $14 {1-0 Karlik,V-Babula,V/CZE 1998/EXT 99 (40)}) 8.
Ng5 $146 {letting black to destroy white's pawn structure.Other moves lead to
equal play.} (8. Nxe4 dxe4 9. Ng5 (9. Ne5 c5 10. c3 cxd4 11. cxd4 Nd7 12. Nxd7
Qxd7 13. d5 f5 14. f3 exf3 15. exf3 e5 16. Qb3 {1/2-1/2 Tkachiev,V-Apicella,M/
Clichy FRA 1995 (16)}) 9... Qxd4 (9... f5 10. c3 e6 11. f3) 10. Qxd4 Bxd4 $11)
(8. Bf4 Nc6 9. Nb5 a6 $1 10. Na3 (10. Nxc7 $6 Ra7 {[%csl Rc7][%cal Re7e5,Rg6g5]
}) 10... Nxd4 11. Nxd4 e5 12. Be3 exd4 13. Bxd4 Bxd4 14. Qxd4 c5 15. Qe3 Re8
16. Rad1 d4 17. Qf4 Ng5 18. Nc4 Bh3 19. Qd6 b5 20. Qxd8 Raxd8 $15 {1/2-1/2
Romanishin,O-Magerramov,E/Helsinki 1992/Inf 55 (20)}) 8... Nxc3 9. bxc3 c5 $1 {
[%mdl 16] That is the typical way of play against double pawns.} 10. Rb1 Nc6 (
10... Qa5 $5) 11. e4 $1 {White has a pawn up in the center,so he tries to use
that preference.} (11. dxc5 Bxc3 12. Bd2 Bg7 $15) 11... dxe4 12. d5 Ne5 13.
Nxe4 b6 14. Bg5 (14. d6 $2 Bg4 15. f3 Be6) (14. Bf4) 14... h6 15. Bf4 Nc4 {
[%csl Yd6]} 16. Qd3 (16. Qe2 Nd6 17. Nxd6 exd6 18. Qe7 Qxe7 $1 (18... Bxc3 19.
Bxd6) 19. Rxe7 Rd8 $15) 16... Nd6 17. Nxd6 exd6 18. c4 Qf6 $15 {[%csl Rc2,Rc4]
Better pawn structure gives black better perspectives.} 19. Bc1 (19. h4 $142 {
[%csl Gf4,Yg5] strengthening Bf4,and covering g5-square.}) 19... Bf5 20. Be4
Rfe8 21. Bb2 Bxe4 22. Rxe4 Qf5 23. Rxe8+ Rxe8 24. Bxg7 Kxg7 25. a4 Re4 26. Rd1
h5 $6 (26... Qe5 $142 $17) (26... Kh7 $5 {aimed against 27.f3.}) 27. f3 $1 Rd4
28. Qc3 Qf6 29. Re1 $2 (29. Rxd4 cxd4 $15 {but this queen's ending is very
close to draw.} (29... Qxd4+ 30. Qxd4+ cxd4 31. Kf2 Kf6 32. Ke2 Ke5 33. Kd3 a5
(33... g5 34. a5 $1 f5 (34... bxa5 $4 35. f4+ gxf4 36. gxf4+ Kxf4 37. c5 Ke5
38. c6 $18) 35. axb6 axb6 36. h4 $8 f4 (36... gxh4 37. f4+) 37. hxg5 fxg3 38.
Ke2 h4 39. f4+ $11) 34. c3 dxc3 35. Kxc3 f5 36. Kd3 f4 37. g4 hxg4 38. fxg4 g5
39. h3 f3 40. Ke3 f2 41. Kxf2 Kd4 42. Kf3 Kxc4 43. h4 gxh4 44. g5 Kxd5 45. Kg4
$11)) 29... g5 $1 {Using active positions of pieces,black starts an action on
the kingside.} 30. Kg2 g4 31. Re4 $2 (31. Re3 $17) {[%tqu "En","","","","d4d2",
"",10]} 31... Rd2+ $1 {Forthcoming queen's ending is winning for black.} 32.
Qxd2 Qxf3+ 33. Kg1 Qxe4 34. Qg5+ Qg6 $19 35. Qe7 Qf6 36. Qxa7 Qd4+ {Black
destroys all week white pawns,some of them with checks to white king.} 37. Kg2
Qxc4 38. Qxb6 Qxd5+ 39. Kf2 Qd2+ 40. Kf1 Qd1+ 41. Kf2 Qxc2+ 42. Ke3 d5 43. a5
d4+ 44. Kf4 d3 45. Kg5 d2 46. Qf6+ Kg8 47. Qd8+ Kh7 48. Qd7 Kg7 0-1

[Event "Ter Apel"]
[Site "Ter Apel"]
[Date "1996.??.??"]
[Round "1"]
[White "Andersson, Ulf"]
[Black "Nijboer, Friso"]
[Result "1-0"]
[WhiteElo "2630"]
[BlackElo "2475"]
[Annotator "Stohl,I"]
[PlyCount "75"]
[EventDate "1996.03.??"]
[EventType "tourn"]
[EventRounds "5"]
[EventCountry "NED"]
[EventCategory "15"]
[SourceTitle "CBM 053"]
[Source "ChessBase"]
[SourceDate "1996.08.01"]
[SourceVersion "1"]
[SourceVersionDate "1996.08.01"]
[SourceQuality "1"]

1. d4 {Nijboer} Nf6 2. Nf3 g6 3. g3 Bg7 4. Bg2 O-O 5. O-O d6 (5... d5 6. c4 {
-D7}) 6. Nc3 (6. c4 {-E6}) 6... Nbd7 (6... c6 7. e4 Nbd7 8. a4 Qc7 9. Re1 e5
10. h3 b6 11. Bg5 Bb7 12. Qd2 Rfe8 13. Rad1 a6 14. Bh6 b5 15. Bxg7 Kxg7 16. Nh4
b4 17. Ne2 c5 18. d5 h6 19. c4 bxc3 20. Nxc3 Rab8 21. f4 Bc8 22. Re2 Rb4 $132 {
Lupu,S-Istratescu,A/ROM-ch/1992/}) 7. a4 $5 (7. d5 Nc5 8. Nd4 Bd7 9. e4 Qc8 10.
Re1 Bh3 11. Bh1 Ng4 12. Nce2 e5 13. dxe6 fxe6 14. f3 Nxe4 $5 15. fxe4 Nf2 $44 {
Pfleger,H-Olafsson,F/Munich 1979/}) (7. e4 e5 {-B06}) 7... a6 $146 (7... a5 8.
e4 e5 9. Re1 (9. h3 Re8 (9... b6 10. dxe5 dxe5 11. b3 Bb7 12. Nd2 Re8 13. Nc4
Nc5 14. Qe2 Qe7 15. Ba3 Bf8 16. Rad1 Rad8 17. Nd5 Nxd5 18. exd5 e4 19. Ne3 f5
20. Rfe1 Qf7 21. Bb2 h5 22. Qc4 Bd6 23. Qd4 Be5 24. Qxe5 Rxe5 25. Bxe5 $44 {
Rashkovsky,N-Frolov,A/URS-ch58/1991/}) 10. Re1 b6 11. Bg5 h6 12. Be3 Bb7 13. d5
Rf8 14. Nh2 Ne8 15. Qd2 Kh7 16. g4 Qe7 17. Ne2 Nc5 18. Ra3 Nf6 19. Ng3 Rfe8 20.
Kh1 c6 21. c4 cxd5 22. cxd5 Rec8 23. g5 Nfd7 24. gxh6 Bh8 25. Nf3 $40 {Kengis,
E-David,Al/Prague/1993/}) 9... c6 10. h3 Re8 11. Be3 exd4 12. Bxd4 Rb8 13. Re2
Qc7 14. Qe1 Ne5 15. Nd2 b5 16. axb5 cxb5 17. f4 Nc6 18. Bxf6 Bxf6 19. Nd5 Qa7+
20. Kh2 Bg7 21. c3 Ne7 22. Ne3 Qc7 23. Nb3 a4 24. Nd4 Qc5 $132 {Lobron,
E-Gelfand,B/Biel izt/1993/}) (7... c6 8. e4 Qc7 9. h3 a5 10. Be3 e5 11. Re1 Re8
12. d5 Nb6 13. Nd2 Bd7 14. Qe2 cxd5 15. exd5 e4 16. Nb5 Bxb5 17. Bxb6 Qxb6 18.
Qxb5 Qxb5 19. axb5 Nxd5 20. Rxe4 Rxe4 21. Bxe4 Nb6 22. Bxb7 Ra7 23. Ba6 Bxb2
24. Ra2 Be5 25. Nb3 a4 26. Na5 Re7 $15 {Smyslov,V-Mortensen,E/Copenhagen/1985/}
) 8. e4 e5 9. dxe5 dxe5 10. a5 $1 $14 {[%csl Ga5] ()<<} b5 $5 {An active and
radical solution, which however weakens the d5-square.} (10... Qe7 11. b3 Rd8
12. Ba3 $36) 11. axb6 cxb6 {[%csl Rd5]} 12. Qe2 Bb7 13. Rd1 Qc7 14. Nd5 $1 (14.
Nd2 {[%cal Yd2f1,Yf1e3,Ye3d5] /\Nf1-e3-d5 costs too much time-} b5 15. Nf1 Rfc8
16. Ne3 Nb6 $13) 14... Nxd5 15. exd5 Rfe8 16. Ng5 (16. c4 Rac8 17. Nd2 (17. b3
e4 18. Nd4 Nc5 $36 {[%cal Rg7d4,Rc5d3] /\ Bd4,Nd3}) 17... e4 $5 $132 {[%cal
Yd7c5,Yb6b5] /\Nc5,b5}) 16... h6 17. Ne4 f5 18. d6 {A double-edged, but more
or less forced advance. The passed pawn cramps Black's position and generates
various unpleasant threats (Nc7,Ne7), but so far is firmly blockaded and can
also become weak later on (as in the game).} (18. Nc3 $6 Qd6 $1 $15) 18... Qc8
19. Nc3 e4 $5 (19... Bxg2 20. Kxg2 Qc6+ (20... e4 21. Nd5 $16) (20... Qb7+ 21.
Kg1 {[%cal Re2c4,Rc3d5] /\Qc4,Nd5}) 21. Kg1 (21. f3 $6 e4 $36) 21... b5 (21...
e4 22. Rxa6 Ne5 23. Rxa8 Rxa8 24. Qb5 $16) 22. Be3 {[%cal Rc3d5,Ye2d2,Yd2d5] /
\Qd2-d5,Nd5!} f4 23. Bc1 $36) 20. Nd5 $2 (20. g4 $5 Nf6 21. gxf5 gxf5 22. Bf4
$14 {[%csl Rf5,Rg6,Rh7] ׻}) 20... Bxd5 21. Rxd5 {White exchanged his strong
Nc3 for the passive Bb7 and with the h1-a8 diagonal closed and the d6-pawn
vulnerable he will be worse despite the ^^.} Qc6 {[%csl Rd6] ><d6} 22. Rd1 (22.
Qd1 $5 Nf6 23. Rd4 $13) 22... Re6 23. c3 b5 $5 (23... Rxd6 24. Rxd6 Qxd6 25.
Rxa6 Rxa6 26. Qxa6 Qd1+ 27. Qf1 Qc2 28. f3 $132) 24. Be3 (24. Bf4 $5 g5 25. Be3
Rxd6 26. Rxd6 Qxd6 27. g4 $132 {/\} f4 28. Bxe4 Re8 29. Rd1 Qe7 30. Bc6 $10)
24... Rxd6 $138 (24... Ne5 $142 $1 $17) (24... Kh7 {Nijboer}) 25. Rxd6 Qxd6 26.
Rd1 Qe6 27. Qd2 Ne5 28. Bxh6 {[%csl Rf7,Rg7,Rh7] ׻} Nc4 29. Qg5 (29. Qc1 {
Nijboer} Nxb2 30. Bxg7 Nxd1 31. Bd4 $1 e3 $1 32. fxe3 Rd8 33. Qxd1 Qxe3+ 34.
Bxe3 Rxd1+ 35. Kf2 $10) 29... Bxh6 (29... Nxb2 $5 {Nijboer} 30. Rd8+ Rxd8 31.
Qxd8+ Kh7 32. Bxg7 Kxg7 33. Bf1 $1 Nd3 34. Bxd3 exd3 35. h4 $1 (35. Qxd3 $2
Qe1+ 36. Kg2 Qe4+ 37. Qxe4 fxe4 $19)) 30. Qxh6 {With the passive Bg2 it looks
hopeless for White, but Black's weakened K-side and the active white Qh6
enable Andersson to open the position and get tactical counterchances.} Nxb2
31. Rd4 Nc4 32. g4 $1 $132 (32. f3 {Nijboer} e3 $1 33. Rh4 Kf7 $1 $19) 32...
Rf8 (32... Re8 $5 $15) 33. gxf5 Qxf5 34. Rxe4 Qxf2+ 35. Kh1 Qf6 $2 (35... Qf5
$8 {/\ 36...Qh5=/+} 36. h3 {/\Re7,Rh4} (36. Rf4 $2 Qb1+) 36... Qh5 37. Qxh5
gxh5 38. Re6 a5 39. Bd5 Kg7 40. Bxc4 bxc4 41. Ra6 Rf5 (41... Rf3 42. Rxa5 Kg6
43. Kg2 Rxc3 44. h4 $10) 42. Kg2 $44) 36. Rf4 $1 $18 Qxf4 (36... Qg7 37. Bd5+)
37. Bd5+ Qf7 (37... Rf7 38. Qxf4) 38. Qxg6+ 1-0